Greek Sculpture (Record no. 4990)

MARC details
000 -CABECERA
campo de control de longitud fija 00951nam a2200241 a 4500
001 - NÚMERO DE CONTROL
campo de control BRCA_5296
005 - FECHA Y HORA DE LA ÚLTIMA TRANSACCIÓN
campo de control 20190320205024.0
008 - DATOS DE LONGITUD FIJA--INFORMACIÓN GENERAL
campo de control de longitud fija 021210s1960----enkaf#####---#000-0#eng-#
041 ## - CÓDIGO DE LENGUA
Código de lengua del texto/banda sonora o título independiente eng
044 ## - CÓDIGO DEL PAÍS DE LA ENTIDAD EDITORA/PRODUCTORA
Código MARC del país enk
050 #4 - SIGNATURA TOPOGRÁFICA DE LA BIBLIOTECA DEL CONGRESO
Número de clasificación NB90
Número de documento/Ítem .L85 1960
100 1# - ENTRADA PRINCIPAL--NOMBRE DE PERSONA
Nombre de persona Lullies, Reinhard
9 (RLIN) 13577
245 10 - MENCIÓN DE TÍTULO
Título Greek Sculpture
Mención de responsabilidad, etc. text and notes by Reinhard Lullies ; photographs by Max Hirmer ; translated from the german by Michael Bullock.
260 ## - PUBLICACIÓN, DISTRIBUCIÓN, ETC.
Lugar de publicación, distribución, etc. Londres
Nombre del editor, distribuidor, etc. Thames and Hudson
Fecha de publicación, distribución, etc. 1960
300 ## - DESCRIPCIÓN FÍSICA
Extensión 115 p.
Otras características físicas il., 282 láminas blanco y negro y 10 láminas a color
Dimensiones 31 cm.
500 ## - NOTA GENERAL
Nota general Incluye tabla cronológica, lista de obras publicadas y lista alfabética de localización actual de obras ilustradas
500 ## - NOTA GENERAL
Nota general Donación Dr. Héctor Rivero Borrell Vázquez
650 14 - PUNTO DE ACCESO ADICIONAL DE MATERIA--TÉRMINO DE MATERIA
Término de materia o nombre geográfico como elemento de entrada Escultura griega
Subdivisión de forma Catálogos
Subdivisión general Historia
9 (RLIN) 13578
700 1# - PUNTO DE ACCESO ADICIONAL--NOMBRE DE PERSONA
Nombre de persona Hirmer, Max
Término indicativo de función/relación Fotógrafo
9 (RLIN) 13579
700 1# - PUNTO DE ACCESO ADICIONAL--NOMBRE DE PERSONA
Nombre de persona Bullock, Michael
Término indicativo de función/relación Traductor
9 (RLIN) 13580
902 ## - CATALOGADOR
Iniciales DHR
942 ## - ELEMENTOS DE PUNTO DE ACCESO ADICIONAL (KOHA)
Fuente del sistema de clasificación o colocación Library of Congress Classification
Tipo de ítem Koha Libros
Holdings
Estado de retiro Estado de pérdida Estado dañado No para préstamo Localización permanente Ubicación/localización actual Fecha de adquisición Total de préstamos Signatura topográfica completa Código de barras Fecha visto por última vez Precio válido a partir de Tipo de ítem Koha
El ejemplar forma parte de la colección y puede ser consultado según las políticas vigentes.       Biblioteca del Museo Franz Mayer (Rogerio Casas-Alatriste) Biblioteca del Museo Franz Mayer (Rogerio Casas-Alatriste) 02/12/2010   NB90 .L85 1960 DHR00057 22/03/2019 22/03/2019 Libros